• 首页
  • 本馆介绍
  • 公告通知
  • 最新文献
  • 馆藏检索
  • 电子资源
  • 读者导购
  • 参考咨询
  • 我的图书馆
  • 登录
  • 详细信息显示
  • 放入我的书架
  • 预约/预借图书
  • 作者相关作品
  • 分类相关作品
  • 丛书相关作品
  • 出版社相关作品

书目信息

  • 表格格式
  • 工作单格式
  • 卡片格式
题名:
一九八五年八月的第三次世界大战
    
 
作者: 哈克特 著 ;星灿 译
分册:  
出版信息: 北京   商务印书馆  1979
页数: 421页
开本: 20cm
丛书名:
单 册:
中图分类: E09
科图分类:
主题词: 历史小说--英国--现代 , 军事学术史 , 军事思想史 , 长篇小说--英国--现代
电子资源:
ISBN:
000 00900nam0 2200289 45
001 0179005735
005 20060515091657.43
010    @dCNY1.25
091    @a3017.259
100    @a19950724d1979 em y0chiy0121 ea
101 1  @achi@ceng
102    @aCN@b110000
105    @ay z 000ay
200 10 @a一九八五年八月的第三次世界大战@Ayi jiu ba wu nian ba yue de di san ci shi jie da zhan@e一部未来史@f(英)约翰·哈克特等著@F(ying)yue han·ha ke te deng zhu@g星灿译
210    @a北京@c商务印书馆@d1979
215    @a421页@d20cm
512 1  @a第三次世界大战@Adi san ci shi jie da zhan
517 1  @a一部未来史@Ayi bu wei lai shi
606    @a历史小说@y英国@z现代
606 0  @a军事学术史
606 0  @a军事思想史
606    @a长篇小说@y英国@z现代
690    @aE09
701  0 @a哈克特@Aha ke te@4著
702  0 @a星灿@Axing can@4译
801  0 @aCN@bNLC@c20060515
905    @f1@b200325@dE09@e2
    
    一九八五年八月的第三次世界大战:一部未来史/(英)约翰·哈克特等著/星灿译.-北京:商务印书馆,1979
    421页;20cm
    
    
    ISBN :CNY1.25
    
●
相关链接 在E读中查询图书 在五车中查询图书 在当当中查询图书 在豆瓣中查询图书


正题名:一九八五年八月的第三次世界大战     索取号:E09/2         预约/预借

序号 登录号 条形码 馆藏地/架位号 状态 备注
1 0025981   202350106   密集书库/ [索取号:E09/2] 在馆    
2 0200325   000066779   第一样本阅览室/ [索取号:E09/2] 在馆    
唐山师范学院图书馆 欢迎您!
大连网信软件有限公司© 版权所有